000 00934nam a2200277Ia 4500
001 Para_8400
003 CHAP
008 220125s2002 xx 000 0 und d
010 _a205241
040 _cCHAP
090 _aPA TESIS 1670
100 _aHernández Domínguez, Carmela
_953965
245 _aEtiología de las agallas del follaje de rosa laurel (Nerium oleander L.) en Chapingo Méx. /
_c por Carmela Hernández Domínguez
260 _aChapingo, Méx. :
_b el autor
300 _a41 h.
502 _aTesis (Ing. Agr. Esp. en Parasitología Agrícola) -- UACh. Departamento Parasitología Agrícola
650 _aNerium oleander
_x enfermedades
_9171246
710 _aUACh. Departamento Parasitología Agrícola
_9164025
901 _aPA TESIS 1670
902 _aA
905 _a0000002002 a 0000000000 00
910 _a2002
942 _cPARA
942 _cPARA
_d1
999 _c205241
_d205241